Geriatría para el médico familiar

שמור ב:
מידע ביבליוגרפי
Main Authors: Gutiérrez Robledo, Luis Miguel (Author), García Peña, María del Carmen (Author), Arango Lopera, Victoria Eugenia (Author), Pérez Zepeda, Mario Ulises (Author)
פורמט: ספר
שפה:ספרדית
יצא לאור: Ciudad de México Manual Moderno 2012
מהדורה:1a. ed
נושאים:
תגים: הוספת תג
אין תגיות, היה/י הראשונ/ה לתייג את הרשומה!

MARC

LEADER 00000cam a2200000 a 4500
001 UCD6692
003 CL-VaPUC
008 170108e20120000mx |||||||||||||||||spa|d
020 |a 9786074481198 
082 0 4 |a 618.97  |b GUT  |2 21 
100 |a Gutiérrez Robledo, Luis Miguel  |e author  |9 590506 
700 0 |a García Peña, María del Carmen  |e author  |9 590507 
700 0 |a Arango Lopera, Victoria Eugenia  |e author  |9 590508 
700 0 |a Pérez Zepeda, Mario Ulises  |e author  |9 590509 
245 1 0 |a Geriatría para el médico familiar 
250 |a 1a. ed 
300 |a 444 p 
942 |c BK 
945 |d 20170108 00:10:00  |a arojas 
260 |a Ciudad de México  |b Manual Moderno  |c 2012 
650 0 |a Geriatría   |9 309798 
650 7 |a MEDICINA FAMILIAR  |2 CL-VaPUC  |9 310354 
583 |a last modification  |c 20170108 00:10:00  |k Rodrigo Vera 
999 |c 366899  |d 366897 
952 |0 0  |1 0  |3 erb  |4 0  |6 618_970000000000000_GUT_2012  |7 0  |8 A  |9 481535  |a BIBCUR  |b BIBCUR  |i 5359090  |o 618.97 GUT 2012  |p 5359090  |r 2025-04-22  |w 2019-11-24  |y BK  |z Catalogado en:20170108  |k KIN